00485nam a2200181 a 4500001001300000003000900013005001700022008004100039020001000080082001800090245004000108260004800148300000900196500003500205505001000240650002400250710002900274nice12345678IN_TiNIC20260116013401.0050524s1977 vara grp 000 0 eng  ac10000a291.172bCBC3 aGuidelines for Inter-Faith Dialogue aVaranasibCBCI Commission on Dialoguec1977 a565p aincludes index and biblioraphy2 aIndex aInterfaith Dialogue2 aCbci Dialogue Commission